| 000 | 00670nam a22001697a 4500 | ||
|---|---|---|---|
| 999 |
_c11797 _d11797 |
||
| 008 | 190107b ||||| |||| 00| 0 eng d | ||
| 020 | _a978-1-407145-29-7 | ||
| 082 |
_22014 _aDFic _bF683 |
||
| 100 |
_aFoden, Fiona _933606 |
||
| 245 |
_aThe boyfriend dilemma/ _cFiona Foden |
||
| 260 |
_aLondon: _bScholastic, _c©2014 |
||
| 300 |
_a265 pages; _c19 cm. |
||
| 520 | _aTwo girls... one guy... things could get complicated. Zoe and Layla have never had secrets from each other. Then they meet new boy Ben and everything changes. Will they let a boy come between them? And is Ben all he seems? | ||
| 650 |
_aFICTION _933607 |
||
| 365 |
_b190.00 _cPhp |
||
| 942 |
_2ddc _cDFIC |
||